=LDR 00000nam 2200000 4500 =001 INLIS000000000018313 =005 20130612113506 =008 ***********************************Ind** =035 ##$$0010-061300000018313 =041 ##$$a Ind =082 ##$$a 636.3 =090 ##$$a 636.3, Mur m =100 ##$$a Murtijo, Bambang Agus =245 ##$$a Memelihara domba, Bambang Agus Murtijo =260 ##$$a 1993 $b Yogyakarta =300 ##$$a 146 hlm, ilus, 21 cm =650 ##$$a Domba-memelihara =850 ##$$a NBPNMAT